Online
Catalog

Derecho procesal penal / (Record no. 7208)

MARC details
000 -CABECERA
campo de control de longitud fija 01065nam a2200289 a 4500
001 - NÚMERO DE CONTROL
campo de control 000007427
005 - FECHA Y HORA DE LA ÚLTIMA TRANSACCIÓN
campo de control 20260123084624.0
008 - DATOS DE LONGITUD FIJA--INFORMACIÓN GENERAL
campo de control de longitud fija 090908s1970 dr 000 0 spa d
040 ## - FUENTE DE LA CATALOGACIÓN
Centro catalogador/agencia de origen DO-SdBNP
Lengua de catalogación spa
Centro/agencia transcriptor BNPHU
082 ## - NÚMERO DE LA CLASIFICACIÓN DECIMAL DEWEY
Número de clasificación 345.05
Número de documento/Ítem C352d
100 1# - ENTRADA PRINCIPAL--NOMBRE DE PERSONA
Nombre de persona Castillo Morales, Luis R. del
9 (RLIN) 17683
245 10 - MENCIÓN DE TÍTULO
Título Derecho procesal penal /
Mención de responsabilidad, etc. Luis R. del Castillo Morales, Juan Ml. Pellerano Gómez, Hipólito Herrera Pellerano.
260 ## - PUBLICACIÓN, DISTRIBUCIÓN, ETC.
Lugar de publicación, distribución, etc. Santo Domingo :
Nombre del editor, distribuidor, etc. Ediciones Capeldom,
Fecha de publicación, distribución, etc. 1970.
300 ## - DESCRIPCIÓN FÍSICA
Extensión v. ;
Dimensiones 23 cm.
490 1# - MENCIÓN DE SERIE
Mención de serie Colección Derecho
Designación de volumen o secuencia 8, 9
500 ## - NOTA GENERAL
Nota general La biblioteca posee v.1 y v.2
504 ## - NOTA DE BIBLIOGRAFÍA, ETC.
Nota de bibliografía, etc. Incluye bibliografía y notas al pie de páginas.
504 ## - NOTA DE BIBLIOGRAFÍA, ETC.
Nota de bibliografía, etc. Bibliografía: p. 315-319.
590 ## - NOTA LOCAL (RLIN)
Nota local Inventariado,2018/DG
650 #4 - PUNTO DE ACCESO ADICIONAL DE MATERIA--TÉRMINO DE MATERIA
Término de materia o nombre geográfico como elemento de entrada Derecho penal
Subdivisión geográfica República Dominicana
9 (RLIN) 16470
650 #0 - PUNTO DE ACCESO ADICIONAL DE MATERIA--TÉRMINO DE MATERIA
Término de materia o nombre geográfico como elemento de entrada Procedimiento penal
9 (RLIN) 554
650 #0 - PUNTO DE ACCESO ADICIONAL DE MATERIA--TÉRMINO DE MATERIA
Término de materia o nombre geográfico como elemento de entrada Derecho procesal
9 (RLIN) 555
700 12 - PUNTO DE ACCESO ADICIONAL--NOMBRE DE PERSONA
Nombre de persona Pellerano Gómez, Juan Ml.
9 (RLIN) 11850
700 12 - PUNTO DE ACCESO ADICIONAL--NOMBRE DE PERSONA
Nombre de persona Herrera Pellerano, Hipólito
9 (RLIN) 7063
830 #0 - PUNTO DE ACCESO ADICIONAL DE SERIE-TÍTULO UNIFORME
Título uniforme Colección Derecho
Número de parte o sección de la obra 8, 9
9 (RLIN) 20627
910 ## - DATOS DE OPCIÓN DEL USUARIO (OCLC)
Datos de opción del usuario Validado. Control de calidad EMS
Holdings
Estado de retiro Estado de pérdida Restricciones de uso No para préstamo Código de colección Localización permanente Ubicación/localización actual Ubicación en estantería Fecha de adquisición Número de inventario Total de préstamos Signatura topográfica completa Código de barras Fecha visto por última vez Precio válido a partir de Tipo de ítem Koha
        Patrimonio Dominicano General General Depósito 14.06.2019 LF1   v.1, e. 5 7427-80 25.06.2020 25.06.2020 Libro y Folleto Colección Patrimonio Dominicano
        Patrimonio Dominicano General General Depósito 09.09.2009 LF1   345.05 C352d | v.1, e. 3 7427-30 25.06.2020 25.06.2020 Libro y Folleto Colección Patrimonio Dominicano
        Patrimonio Dominicano General General Depósito 30.05.2019 LF1   345.05 C352d | v.1, e. 4 7427-70 25.06.2020 25.06.2020 Libro y Folleto Colección Patrimonio Dominicano
      Excluido de préstamo Patrimonio Dominicano Patrimonio Dominicano Patrimonio Dominicano Depósito 08.09.2009 LF1   345.05 C352d | v. 1 7427-10 25.06.2020 25.06.2020 Libro y Folleto Colección Patrimonio Dominicano
      Excluido de préstamo Patrimonio Dominicano Patrimonio Dominicano Patrimonio Dominicano Depósito 08.09.2009 LF1   345.05 C352d | v.1, e. 2 7427-20 25.06.2020 25.06.2020 Libro y Folleto Colección Patrimonio Dominicano
        Patrimonio Dominicano Patrimonio Dominicano Patrimonio Dominicano Depósito 01.03.2010 LF1   345.05 C352d | v. 2 7427-50 25.06.2020 25.06.2020 Libro y Folleto Colección Patrimonio Dominicano
        Patrimonio Dominicano Patrimonio Dominicano Patrimonio Dominicano Depósito 30.05.2019 LF1   345.05 C352d | v. 2, e. 2 7427-60 25.06.2020 25.06.2020 Libro y Folleto Colección Patrimonio Dominicano

Powered by Koha